00259nam a2200109Ia 4500100002000000650001600020654001700036245003800053260002800091082001800119546001200137 aWrangham/ D.A.  aAutomobiles aHeat engines aTheory & Practice of heat engines bCambridgeaLondonc1956 a621.4025bWRA aENGLISH